| 000 | 00339cam a2200133ua 4500 | ||
|---|---|---|---|
| 041 |
_aeng _h |
||
| 082 |
_a823.308 _bJUO/IC |
||
| 100 | _aTuohy, Frank . | ||
| 245 |
_aIce saints / _cTuohy, Frank. _hTextual Documents |
||
| 260 |
_aLondon : _bMacMillan and Company Limited , _c1964. |
||
| 300 | _a214 ; . | ||
| 504 | _a | ||
| 999 |
_c11834 _d11834 |
||